000 00638nam a2200193Ia 4500
003 GCL
008 140319s9999 xx 000 0 ara d
040 _aGCL /
_cGCL
082 0 4 _aق
_b398.9
_bس ا
100 1 _aسامية عطاالله
245 1 0 _aالامثال الشعبية المصرية /
_cسامية عطاالله
260 _aالقاهرة :
_bمكتبة مدبولى ،
_c1987
300 _a304 ص ؛
_c24 سم
650 0 4 _aالفولكلور
650 0 4 _aالادب الشعبى
650 0 4 _aالامثال العامية المصرية
650 0 4 _aالامثال الشعبية - مصر
942 _2ddc
_cBK
999 _c31141
_d31141